Porastie reklamný trh v roku 1999?
Vývoj slovenského reklamného trhu pre rok 1999. Recesia reklamného trhu. Model vývoja a rastu reklamného trhu na Slovensku. Objem reklamy v médiách. Úpravy regulovaných cien, miera inflácie, hrubý domáci produkt ap. - vplyvy na reklamný trh.
Salvato in:
| Autore principale: | |
|---|---|
| Natura: | Capitolo di libro |
| Lingua: | slovacco |
| Soggetti: | |
| Tags: |
Nessun Tag, puoi essere il primo ad aggiungerne!!
|
MARC
| LEADER | 00000naa a2200000 4500 | ||
|---|---|---|---|
| 001 | r035793 | ||
| 005 | 20230929100313.8 | ||
| 041 | 0 | |a slo | |
| 044 | |a SK | ||
| 245 | 1 | 0 | |a Porastie reklamný trh v roku 1999? |c Pavel Hapák |
| 520 | |a Vývoj slovenského reklamného trhu pre rok 1999. Recesia reklamného trhu. Model vývoja a rastu reklamného trhu na Slovensku. Objem reklamy v médiách. Úpravy regulovaných cien, miera inflácie, hrubý domáci produkt ap. - vplyvy na reklamný trh. | ||
| 610 | 2 | 0 | |a reklama |
| 610 | 2 | 0 | |a trh |
| 610 | 2 | 0 | |a situácia hospodárska |
| 610 | 2 | 0 | |a Slovensko |
| 610 | 2 | 0 | |a produkt domáci hrubý |
| 610 | 2 | 0 | |a prostredie ekonomické |
| 610 | 2 | 0 | |a správanie hospodárske |
| 610 | 2 | 0 | |a modely |
| 610 | 2 | 0 | |a recesia |
| 100 | 1 | |a Hapák, Pavel | |